000 00887nam a2200229Ii 4500
003 JO-AjNU
008 230605s9999||||xx |||||||||||||| ||und||
017 _a2019/1/486
020 _a978-9957-12-911-8
040 _aJO-AjNU
_bara
_erda
_cJO-AjNU
041 _aara
050 1 4 _aQ180.55 2020
100 3 _aتاليف ابو سمرة، محمود احمد، م.مشارك محمد عبد الإله الطيطي,
_eauthor
_964287
245 0 0 _aمناهج البحث العلمي من التبيين الى التمكين
250 _aالطبعة العربية
264 3 1 _aعمان: دار اليازوري للنشر والتوزيع، 2020
300 _a357ص
_bيحتوي على جداوال توضيحية
336 _atext
_btxt
_2rdacontent
337 _aunmediated
_bn
_2rdamedia
338 _avolume
_bnc
_2rdacarrier
650 4 _aطرق البحث-البحث
_964288
999 _aA29207
_c32775
_d32775